| 000 | 00370nam a22001337a 4500 | ||
|---|---|---|---|
| 008 | 170814b xxu||||| |||| 00| 0 eng d | ||
| 020 | _a0387963022 | ||
| 041 | _aeng | ||
| 080 | _a51 | ||
| 100 | _a36 | ||
| 101 | _aMAT | ||
| 245 |
_aTHE HIGHER CALCULUS A HISTORY OF REAL AND COMPLEX ANLYSIS FROM EULER TO WEIRSTRASSS _cBOTTAZZINI.U |
||
| 942 |
_2udc _cBK |
||
| 999 |
_c23358 _d23358 |
||